000 00559nam a2200217Ia 4500
003 OSt
005 20220927114223.0
006 a|||||r|||| 00| 0
007 ta
008 220926b |||||||| |||| 00| 0 eng d
024 _a149751
037 _cTextbook
040 _aRTL
_cRTL
_beng
041 _2eng
_aeng
082 _a"Y:582.2.N9, GD/TD1"
110 _aNSSO
_9387346
245 0 _aMigration in India 1999-2000
700 _aNSSO
_9387347
942 _h"Y:582.2.N9, GD/TD1"
_cCC
999 _c703241
_d703241